书目信息 |
| 题名: |
混凝土施工问答实录
|
|
| 作者: | 边嫘 , 孙丽曼 编著 | |
| 分册: | ||
| 出版信息: | 北京 机械工业出版社 2008.01 |
|
| 页数: | 243页 | |
| 开本: | 24cm | |
| 丛书名: | 建设工程问答实录丛书 | |
| 单 册: | ||
| 中图分类: | TU755-44 | |
| 科图分类: | ||
| 主题词: | 混凝土施工--hun ning tu shi gong--问答 | |
| 电子资源: | ||
| ISBN: | 978-7-111-22525-6 | |
| 000 | 01071nam 2200277 450 | |
| 001 | 012008247108 | |
| 005 | 20080109162835.82 | |
| 010 | @a978-7-111-22525-6@dCNY26.00 | |
| 100 | @a20080109d2008 em y0chiy0120 ea | |
| 101 | 0 | @achi |
| 102 | @aCN@b110000 | |
| 105 | @aa a 000yy | |
| 106 | @ar | |
| 200 | 1 | @a混凝土施工问答实录@Ahun ning tu shi gong wen da shi lu@f边嫘, 孙丽曼编著@Fbian lei,sun li man bian zhu |
| 210 | @a北京@c机械工业出版社@d2008.01 | |
| 215 | @a243页@c图@d24cm | |
| 225 | 2 | @a建设工程问答实录丛书@Ajian she gong cheng wen da shi lu cong shu |
| 320 | @a有书目 | |
| 330 | @a全书共分为9章,分别从原材料、混凝土配合比设计、钢筋工程、模板工程、混凝土的拌合、混凝土的浇筑、混凝土的养护、混凝土的冬季施工、混凝土的雨季(高温)施工等混凝土工程所包含的主要技术问题进行详细阐述。 | |
| 410 | 0 | @12001 @a建设工程问答实录丛书 |
| 606 | 0 | @a混凝土施工@Ahun ning tu shi gong@j问答 |
| 690 | @aTU755-44@v4 | |
| 701 | 0 | @a边嫘@Abian lei@4编著 |
| 701 | 0 | @a孙丽曼@Asun li man@4编著 |
| 801 | 0 | @aCN@bQSSK@c20080109 |
| 905 | @b276403-05@dTU755-44@eB785@f3 | |
| 混凝土施工问答实录/边嫘, 孙丽曼编著.-北京:机械工业出版社,2008.01 |
| 243页:图;24cm.-(建设工程问答实录丛书) |
| ISBN 978-7-111-22525-6:CNY26.00 |
| 全书共分为9章,分别从原材料、混凝土配合比设计、钢筋工程、模板工程、混凝土的拌合、混凝土的浇筑、混凝土的养护、混凝土的冬季施工、混凝土的雨季(高温)施工等混凝土工程所包含的主要技术问题进行详细阐述。 |
| ● |
| 相关链接 |
|
|
|
正题名:混凝土施工问答实录
索取号:TU755-44/B785
 
预约/预借
| 序号 | 登录号 | 条形码 | 馆藏地/架位号 | 状态 | 备注 |
| 1 | 276403 | 202764035 | 建筑库201/201建筑库 42排3列4层/ [索取号:TU755-44/B785] | 在馆 | |
| 2 | 276404 | 202764044 | 建筑库201/201建筑库 42排3列4层/ [索取号:TU755-44/B785] | 在馆 | |
| 3 | 276405 | 202764053 | 建筑库201/201建筑库 42排3列4层/ [索取号:TU755-44/B785] | 在馆 |